000 02033nam a2200373 4500
001 114410
003 DR-UNIBE
005 20260226100430.0
008 260226b2006 dr ||||| |||| 00| 0 spa d
020 _a9789945296983
040 _aBIBLIOTECA UNIBE
_bspa
_cBIBLIOTECA UNIBE
_erda
041 _aspa
090 _aFBIU-EB NF B446t
100 1 o _aBello de Moreta, Fátima,
_d1957-
_cGanadora del programa Unibemprende 2024
_9202762
_eautor
245 1 0 _aTitiriteando :
_bel arte de los títeres con la hormiguita artesanal /
_cFatima Bello de Moreta ; diseño y diagramación: Kelvin A. Ortis Castillo ; corrección de estilo: Carmen Rosa Estrada Paulino ; diseño de portada y fotografia: Fondeur Bello ProServices EIRL ; presentación: Mercedes Hernández Caamaño; colaboradoras: Miriam Villalona de Fiallo, Roa Ariza de Valera, Elizabeth Ricart, Roa Peña Paula, María Altagracia de la Rosa de Jesús
250 _aPrimera edición
260 _aSanto Domingo,
_bEditora Búho
_c2016
300 _a59 páginas :
_bfotos a color ;
_c22 x 22 cm
500 _aSemblanza del autor y colaboradoras al final de la obra. Canción "La hormiguita artesana" al final de la obra. Comentario de la obra en la contraportada
504 _aIncluye bibliografía
650 7 _2lemb
_a Títeres
_xElaboración
_9202777
650 7 _2lemb
_aLúdica
_985462
650 7 _2lemb
_aTerapia con títeres
_9202778
650 7 _2lemb
_aTíteres en la educación
_9202779
700 1 0 _aOrtis Castillo, Kelvin A.
_9202766
_ediseñador
_ediagramador
700 1 0 _aEstrada Paulino, Carmen Rosa
_ecorrector de estilo
_9202767
700 1 0 _aVillalona de Fiallo, Miriam
_9202769
_ecolaborador
700 1 0 _aAriza de Valera, Rosa
_9202770
_ecolaborador
700 1 0 _aRicart, Elizabeth
_9202771
_ecolaborador
700 1 0 _aPeña Paula, Rosa
_9202772
_ecolaborador
700 1 0 _aDe la Rosa De Jesús, María Altagracia
_9202773
_ecolaborador
710 1 0 _aFondeu Bello ProServices EIRL
_9202768
_ediseñador de portada
_eretoques fotográficos
942 _2ddc
_cBK
999 _c114410
_d114410